Thailand : facts and figures
Guardat en:
| Format: | Llibre |
|---|---|
| Idioma: | Undetermined |
| Publicat: |
Bangkok
Dept. of Technical and Economic Cooperation, Ministry of National Development
1974
|
| Matèries: | |
| Etiquetes: |
Afegir etiqueta
Sense etiquetes, Sigues el primer a etiquetar aquest registre!
|
| Thư viện lưu trữ: | Trung tâm Học liệu Trường Đại học Cần Thơ |
|---|
| LEADER | 00463nam a2200157Ia 4500 | ||
|---|---|---|---|
| 001 | CTU_84835 | ||
| 008 | 210402s9999 xx 000 0 und d | ||
| 082 | |a 330.9 | ||
| 082 | |b T364 | ||
| 245 | 0 | |a Thailand : | |
| 245 | 0 | |b facts and figures | |
| 260 | |a Bangkok | ||
| 260 | |b Dept. of Technical and Economic Cooperation, Ministry of National Development | ||
| 260 | |c 1974 | ||
| 650 | |a economic conditions | ||
| 980 | |a Trung tâm Học liệu Trường Đại học Cần Thơ | ||